Meilleur buteur espagnol de la LaLiga - Trophée Zarra - Statistiques

Statistiques générales
  • Ce quiz a été pris 28 fois
  • Le résultat moyen est 13 sur 22
Statistiques - réponses
Saison Club Communauté autonome Buts Joueur % Correct
2005/06 Valence CF Asturies 25 David Villa
92%
2006/07 Valence CF Asturies 16 David Villa
92%
2008/09 Valence CF Asturies 28 David Villa
92%
2009/10 Valence CF Asturies 21 David Villa
92%
2013/14 Atlético de Madrid Brésil (Naturalisé) 27 Diego Costa
81%
2016/17 Celta Vigo Galice 19 Iago Aspas
77%
2017/18 Celta Vigo Galice 22 Iago Aspas
77%
2018/19 Celta Vigo Galice 20 Iago Aspas
77%
2021/22 Celta Vigo Galice 18 Iago Aspas
77%
2014/15 Athletic Club Pays basque 18 Aritz Aduriz
73%
2015/16 Athletic Club Pays basque 20 Aritz Aduriz
73%
2019/20 Villarreal CF Catalogne 18 Gerard Moreno
65%
2020/21 Villarreal CF Catalogne 23 Gerard Moreno
65%
2023/24 Atlético de Madrid Communauté de Madrid 15 Álvaro Morata
58%
2011/12 Athletic Bilbao Navarre 17 Fernando Llorente
42%
2022/23 RCD Espanyol Galice 16 Joselu
38%
2011/12 Séville FC Communauté valencienne 17 Roberto Soldado
38%
2010/11 Valence CF Communauté de Madrid 20 Álvaro Negredo
35%
2012/13 Athletic Club Communauté de Madrid 25 Álvaro Negredo
35%
2024/25 Villarreal CF Îles Canaries 19 Ayoze Pérez
23%
2023/24 Getafe CF Communauté de Madrid 15 Borja Mayoral
19%
2007/08 RCD Majorque Andalousie 27 Dani Güiza
19%
Aucun quiz correspondant
Distribution des résultats
% des personnes avec chaque résultat
Percentile par nombre de réponses
Votre historique - résultats
Vous n’avez pas pris ce quiz